Vol. 134, iss. 2; Nuclear Instruments and Methods in Physics Research Section B: Beam Interactions with Materials and Atoms

Λεπτομέρειες βιβλιογραφικής εγγραφής
Parent link:Nuclear Instruments and Methods in Physics Research Section B: Beam Interactions with Materials and Atoms. Vol. 134, iss. 2.— , 1998-.— 0168-583X
Γλώσσα:Αγγλικά
Έκδοση: 1998
Μορφή: Βιβλίο
KOHA link:https://koha.lib.tpu.ru/cgi-bin/koha/opac-detail.pl?biblionumber=564628

MARC

LEADER 00000nam2a2200000 4500
001 564628
005 20231101123720.0
035 |a (RuTPU)RU\TPU\prd\260588 
035 |a RU\TPU\prd\259841 
090 |a 564628 
100 |a 20160729a19989999k y0engy50 ba 
101 1 |a eng 
102 |a US 
200 0 |a Vol. 134, iss. 2 
210 |d 1998 
461 1 |0 (RuTPU)RU\TPU\prd\534  |x 0168-583X  |t Nuclear Instruments and Methods in Physics Research Section B: Beam Interactions with Materials and Atoms  |v Vol. 134, iss. 2  |d 1998- 
801 0 |a RU  |b 63413507  |c 20010227  |g PSBO 
801 1 |a RU  |b 63413507  |c 20020228  |g PSBO 
801 2 |a RU  |b 63413507  |c 20190325  |g PSBO 
942 |c BK 
999 |a НТБ_ТПУ  |b НФ  |e -19/20160111  |p П-4642B  |u 0,00  |v 1